L'amour a des ailes (Poucelina) - Paroles - Statistiques

Statistiques générales
  • Ce quiz a été pris 18 fois
  • Le résultat moyen est 144 sur 169
Statistiques - réponses
Hint Réponse % Correct
a
100%
à
100%
ailes
100%
amour
100%
bleu
100%
ce
100%
ciel
100%
d'
100%
Dans
100%
dans
100%
de
100%
des
100%
du
100%
en
100%
haut
100%
Je
100%
je
100%
Cornelius L'
100%
l'
100%
la
100%
Ensemble Mon
100%
monte
100%
n'
100%
serai
100%
t'
100%
te
100%
tes
100%
Cornelius Tes
100%
un
100%
Poucelina Un
100%
années
91%
attends
91%
avec
91%
Depuis
91%
envoles
91%
et
91%
étoiles
91%
lumière
91%
mes
91%
moi
91%
91%
paradis
91%
présent
91%
que
91%
toi
91%
tu
91%
Poucelina Tu
91%
voyage
91%
Au
82%
au
82%
le
82%
monde
82%
nous
82%
nouveau
82%
pour
82%
Ensemble Pour
82%
quitte
82%
seras
82%
terre
82%
appelle
73%
bonheur
73%
bras
73%
éternel
73%
tiendrai
73%
bien
64%
fond
64%
Poucelina Nos
64%
notre
64%
offre
64%
oublie
64%
planète
64%
quand
64%
Saturne
64%
son
64%
univers
64%
vie
64%
anneau
55%
bleue
55%
brodé
55%
étend
55%
ont
55%
or
55%
sans
55%
ta
55%
voile
55%
coeurs
45%
deux
45%
frontière
45%
merveilles
45%
quitter
45%
rêves
45%
Cornelius Ne
36%
pas
36%
sont
36%
crains
27%
fous
27%
réels
27%
Aucun quiz correspondant
Distribution des résultats
% des personnes avec chaque résultat
Percentile par nombre de réponses
Votre historique - résultats
Vous n’avez pas pris ce quiz